| 000 | 01454cam a22003973a 4500 | ||
|---|---|---|---|
| 999 |
_c174319 _d174319 |
||
| 001 | 13179416 | ||
| 003 | Nust | ||
| 005 | 20180724052301.0 | ||
| 008 | 000722t20001983nyu 000 1 eng d | ||
| 010 | _a 2003576668 | ||
| 020 |
_a9780007299669 (pbk.) : _cRs. 260 |
||
| 035 | _a(OCoLC)ocm44633904 | ||
| 038 | _aArshad | ||
| 040 |
_aIHI _cIHI _dDLC |
||
| 042 | _alccopycat | ||
| 043 | _ae-uk-en | ||
| 050 | 0 | 0 | _aCPB Box no. 1987 vol. 3 |
| 082 |
_a823 _bCHR |
||
| 100 | 1 |
_aChristie, Agatha, _d1890-1976. _92976 |
|
| 240 | 1 | 0 | _aHickory dickory death |
| 245 | 1 | 0 |
_aHickory dickory dock / _cAgatha Christie. |
| 250 | _aBerkley paperback ed. | ||
| 260 |
_aNew York : _bBerkley Books, _c1983. |
||
| 300 |
_a303 p. ; _c18 cm. |
||
| 500 | _a"Also published as Hickory dickory death." | ||
| 600 | 1 | 0 |
_aPoirot, Hercule _c(Fictitious character) _vFiction. _911837 |
| 650 | 0 |
_aPrivate investigators _zEngland _vFiction. _911838 |
|
| 650 | 0 |
_aYouth hostels _zEngland _vFiction. _911953 |
|
| 655 | 7 |
_aMystery fiction. _2gsafd _95621 |
|
| 710 | 2 |
_aCopyright Paperback Collection (Library of Congress) _5DLC _91743 |
|
| 856 | 4 | 2 |
_3Contributor biographical information _uhttp://www.loc.gov/catdir/enhancements/fy0717/2003576668-b.html |
| 856 | 4 | 2 |
_3Publisher description _uhttp://www.loc.gov/catdir/enhancements/fy0717/2003576668-d.html |
| 906 |
_a7 _bcbc _ccopycat _d2 _encip _f20 _gy-genrareb |
||
| 942 |
_2ddc _cBK |
||